F. Scott Fitzgerald’s Great Gatsby and the notion of American Dream bakalárska práca

Saved in:
Bibliographic Details
Main Author: Botková, Viktória
Corporate Author: Fakulta aplikovaných jazykov EU v Bratislave. Katedra interkultúrnej komunikácie
Other Authors: Hrivíková, Tatiana, 1959-
Format: Book
Language:English
Published: Bratislava 2015
Tags: Add Tag
No Tags, Be the first to tag this record!

MARC

LEADER 00000nbm a2200000 4500
001 0202016
005 20161212094208.4
041 0 |a eng 
044 |a SK 
245 1 0 |a F. Scott Fitzgerald’s Great Gatsby and the notion of American Dream  |b bakalárska práca  |c Viktória Botková ; školiteľ: Tatiana Hrivíková 
264 1 |a Bratislava  |c 2015 
300 |a 47 s. 
100 1 |a Botková, Viktória 
700 1 |a Hrivíková, Tatiana, 1959- 
710 2 |a Fakulta aplikovaných jazykov EU v Bratislave. Katedra interkultúrnej komunikácie